Destroy Lonely quiz - Statistics

General Stats
  • This quiz has been taken 502 times
  • The average score is 13 of 82
Answer Stats
Song % Correct
$$$
100%
nostylist
62%
neverever
42%
veteran
40%
bane
39%
jetlggd
38%
faken
33%
miley cyrus
33%
blitz
30%
F.U.N
30%
vtmntscoat
28%
bergdorf
27%
dover street market
27%
turninup
26%
in the air
25%
allure
24%
dangerous
23%
oh yeah
23%
onthetable
23%
louvre
22%
swgskool
22%
lnly
21%
mkeitstop
21%
top floor boss
21%
<3mygng
20%
onthefloor
20%
otw
19%
soarin
19%
mud
18%
tokyo mission impossible
18%
crystlcstles
17%
ok bae
17%
ya ight
17%
havinmyway
16%
movie
16%
passaround
16%
pop shit / xtra
16%
prssure
16%
CDG
15%
20yrs old
14%
devil wears prada
14%
layover
13%
take a pic
13%
diamonds & foreigns
12%
vamp
11%
komin back
10%
cutie
9%
do or die
9%
euros
9%
mollywrld
9%
n(n)
9%
red dead
8%
undercover
8%
which 1 / klueless
8%
4seasons
7%
luna
7%
tied n
7%
usual
7%
frank lucas
6%
seasons
6%
traphousemansion
6%
dream about me.
5%
groupie btch
5%
place
5%
plea
5%
eazy
4%
trapped on marz
4%
bag full of boof
3%
different drugz
3%
intro
3%
smash bros
3%
add it up
2%
addy
2%
count it up
2%
fenderbender
2%
global
2%
guap, glock, nd sticks
2%
no hook
2%
out the way
2%
vvs valentines
2%
wild
2%
please dnt touch dis sh*t
1%
No matching quizzes found
Score Distribution
Percent of People with Each Score
Percentile by Number Answered
Your Score History
You have not taken this quiz